000 00282nam a2200109Ia 4500
008 220204s9999 xx 000 0 und d
082 _a678:681.3
_bMAT
245 0 _aComputers in polymer science
260 _aNew York
_bMarcel Dekker
_c1977
700 _aMattson, James S
942 _cBK
999 _c26319
_d26319